Sonic The Hedgehog Games By pictures - Statistics

General Stats
  • This quiz has been taken 25 times
    23 since last reset
  • The average score is 60 of 248
Answer Stats
Picture Answer % Correct
Sonic The Hedgehog
94%
Sonic The Hedgehog 2
94%
Sonic The Hedgehog 3
88%
Sonic And Knuckles
75%
Shadow The Hedgehog
69%
Sonic Adventure 2/Sonic Adventure 2 Battle
69%
Sonic adventure/Sonic Adventure DX director's cut
69%
Sonic Forces
69%
Sonic Colors
63%
Sonic Colors DS
63%
Sonic Frontiers
63%
Sonic Generations
63%
Sonic Generations 3DS
63%
Sonic Heroes
63%
Sonic Mania/Sonic Mania Plus
63%
Sonic R
63%
Sonic Unleashed
63%
Sonic Unleashed Wii/PS2
63%
Sonic X
63%
Shadow Generations
56%
Sonic 3D Blast
56%
Sonic 3D Blast (Saturn)
56%
Sonic Advance
56%
Sonic Advance 2
56%
Sonic Advance Java
56%
Sonic Dash/Sonic Dash S/Sonic Dash Club/Sonic Dash Plus/Sonic Dash Extreme
56%
Sonic Dream Team
56%
Sonic Drift
56%
Sonic Lost World
56%
Sonic Lost World 3DS
56%
Sonic Racing
56%
Sonic Racing Crossworlds
56%
Sonic Riders
56%
Sonic Rush
56%
Sonic Rush Adventure
56%
Sonic Superstars
56%
Sonic The Hedgehog 2006
56%
Sonic The Hedgehog CD
56%
Super Smash Bros Ultimate
56%
SegaSonic The Hedgehog
50%
Sonic Advance 3
50%
Sonic And The Black Knight
50%
Sonic And The Secret Rings
50%
Sonic boom Rise Of Lyric
50%
Sonic Drift 2
50%
Sonic Origins/Sonic Origins Plus
50%
Sonic Riders Zero Gravity
50%
Sonic The Hedgehog 4 Episode 1
50%
Sonic The Hedgehog 4 Episode 2
50%
Super Smash Bros Brawl
50%
The Murder Of Sonic The Hedgehog
50%
Dr Robotnik's Mean Bean Machine
44%
Knuckles Chaotix
44%
Knuckles In Sonic The Hedgehog 2
44%
Mario And Sonic At The Olympic Games
44%
Mario And Sonic At The Olympic Games DS
44%
Sonic Battle
44%
Sonic Blast
44%
Sonic Eraser
44%
Sonic Free Riders
44%
Sonic J
44%
Sonic Rivals
44%
Sonic Runners
44%
Sonic Speed Simulator
44%
Sonic The Fighters
44%
Sonic The Hedgehog Chaos
44%
Sonic The Hedgehog Spinball
44%
Sonic The Hedgehog Triple Trouble
44%
Sonic XS
44%
Tails Adventure
44%
Team Sonic Racing
44%
Knuckles In Sonic The Hedgehog
38%
Knuckles In Sonic The Hedgehog 3
38%
Sonic Boom Fire And Ice
38%
Sonic boom shattered crystal
38%
Sonic Bowling 2002
38%
Sonic Bowling 2009
38%
Sonic Gems Collection
38%
Sonic Golf/Sonic The Hedgehog Golf
38%
Sonic Jam
38%
Sonic Jam Game.com
38%
Sonic Rivals 2
38%
Sonic Rumble
38%
Sonic Shuffle
38%
Sonic Tennis 2001
38%
Sonic The Hedgehog 2 8 Bit
38%
Sonic The Hedgehog 3 And Knuckles
38%
Sonic The Hedgehog 4 Episode Metal
38%
Sonic The Hedgehog 8 Bit
38%
Sonic The Hedgehog Pocket Adventure
38%
Sonic And Sega All Stars Racing
31%
Sonic And Sega All Stars Racing DS
31%
Sonic And Sega All Stars Racing Java
31%
Sonic Chronicles The Dark Brotherhood
31%
Sonic Colors Ultimate
31%
Sonic Forces Speed Battle
31%
Sonic Jump 2005
31%
Sonic Jump Remake
31%
Sonic Labyrinth
31%
Sonic Prime Dash
31%
Sonic's Schoolhouse
31%
Sonic X Snake
31%
Super Smash Bros For Nintendo 3DS
31%
Super Smash Bros For Nintendo Wii U
31%
Tails Skypatrol
31%
Mario And Sonic At The Olympic Games Tokyo 2020
25%
SegaSonic Popcorn Shop
25%
Sonic And All Stars Racing Transformed
25%
Sonic Mega Collection/Sonic Mega Collection Plus
25%
Sonic runners adventure
25%
Sonic The Hedgehog Spinball 8 Bit
25%
Waku Waku Sonic Patrol Car
25%
Blue Sphere
19%
Dr Robotnik's Mean Bean Machine 8 Bit
19%
Mario And Sonic At The London 2012 Olympic Games
19%
Mario And Sonic At The Olympic Winter Games
19%
Mario And Sonic At The Rio 2016 Olympic Games
19%
Mario And Sonic At The Sochi 2014 Olympic Winter Games
19%
SegaSonic Bros
19%
Sega Superstars
19%
Sega Superstars Tennis
19%
Sega Superstars Tennis DS
19%
Sonic At The Olympic Games
19%
Sonic Billiards
19%
Sonic Classic Collection
19%
Sonic Crackers
19%
Sonic Darts
19%
Sonic dash 2 Sonic boom
19%
Sonic Fishing
19%
Sonic Jump 2
19%
Sonic Jump Fever/Sonic Jump Pro
19%
Sonic pinball party
19%
Tails And The Music Maker
19%
Mario And Sonic At The London 2012 Olympic Games 3DS
13%
Mario And Sonic At The Olympic Winter Games DS
13%
Mario And Sonic At The Rio 2016 Olympic Games 3DS
13%
SegaSonic Cosmo Fighter
13%
Shadow Shoot
13%
Sonic And All Stars racing transformed 3DS
13%
Sonic And knuckles Collection
13%
Sonic At The Olympic Winter Games
13%
Sonic Blitz
13%
Sonic DS
13%
Sonic Mars
13%
Sonic N
13%
Sonic The Hedgehog genesis
13%
Sonic Unleashed Mobile
13%
Big's Fishing
6%
Mario And Sonic At The Olympic Games Tokyo 2020 arcade edition
6%
Mario And Sonic At The Rio 2016 Olympic Games arcade edition
6%
Sega Heroes
6%
Sonic Athletics
6%
Sonic At The Olympic Games Tokyo 2020
6%
Sonic Golf DX
6%
Sonic Hearts
6%
Sonic Kart 3DX
6%
Sonic Racing Kart
6%
Sonic racing Shift up
6%
Sonic's Casino Poker
6%
Sonic's Edusoft
6%
Sonic Skateboard
6%
Sonic Speed DX
6%
Sonic Tennis DX
6%
Sonic The Hedgehog Chaos Crush
6%
Sonic The Hedgehog Didj
6%
Sonic The Hedgehog's Gameworld
6%
Sonic The Hedgehog The Screen Saver
6%
Sonic the Sketchhog/Sonic Freehand
6%
Amazing Sonic
0%
Amy And Rouge Tennis
0%
Amy And Rouge Volleyball
0%
Amy's American Page One
0%
Art Alive
0%
Chao Fortuness
0%
Chao Snowdome
0%
Cream Flower Catch
0%
CR Sonic
0%
Eggman Clock
0%
Eggman Toy
0%
HUmar Atack
0%
Knuckles Baseball
0%
Knuckles Soccer
0%
Knuckles Treasure Hunt
0%
SegaSonic The Hedgehog LCD Game
0%
Sega Superstars Adventure
0%
Shadow Basketball
0%
Shadow Grinder
0%
Shadow Hockey
0%
Shadow The Hedgehog Flash
0%
Shadow XS
0%
Sonic 3D Blast LCD Game
0%
Sonic Action Game
0%
Sonic And Tails Spinner
0%
Sonic Boom Link N Smash
0%
Sonic Cricket
0%
Sonic Dash Quiz
0%
Sonic Extreme Boarding
0%
Sonic Gammon
0%
Sonic Golf 3D
0%
Sonic Head On
0%
Sonic Heroes Competition
0%
Sonic Heroes Puzzle
0%
Sonic Hopping
0%
Sonic Hopping 2
0%
Sonic KeyChain LCD Game
0%
Sonic Knight In Training
0%
Sonic Maze Craze
0%
Sonic Mega Collection Plus Mini
0%
Sonic No 7 Narabe
0%
Sonic No Daifuugou
0%
Sonic no jigen resha
0%
Sonic No Jirai Sagashi Game
0%
Sonic Panel Puzzle
0%
Sonic Putter
0%
Sonic Reversi
0%
Sonic Reversi Hyper
0%
Sonic Rivals Dash
0%
Sonic R LCD Game
0%
Sonic Rush Adventure Flash
0%
Sonic's Bomb Squad
0%
Sonic Slider
0%
Sonic's Napoleon
0%
Sonic Speedway
0%
Sonic Sports Air Hockey
0%
Sonic Sports Basketball
0%
Sonic's Space Tours
0%
Sonic The Broad Jump
0%
Sonic The Hedgehog 2005 (Sonic Cafe)
0%
Sonic The Hedgehog 2 Crash
0%
Sonic The Hedgehog 2 LCD Game
0%
Sonic The Hedgehog 3 LCD Game
0%
Sonic The Hedgehog 3 Movie Promo
0%
Sonic The Hedgehog Extreme
0%
Sonic The Hedgehog LCD Game
0%
Sonic The Hedgehog Spinball LCD Game
0%
Sonic Underground
0%
Sonic X Bowling
0%
Sonic X Emerald Crab
0%
Sonic X Ring Thing
0%
Sonic X Speed Spotter
0%
Sonic X Speed Spotter 2
0%
Sonic X Speed Spotter 3
0%
Speed DX
0%
Tails No Flying Get
0%
Tails Sky Adventure
0%
Tails Skypatrol LCD Game
0%
Tails Soccer
0%
Wacky Worlds Creativity Studio
0%
No matching quizzes found
Score Distribution
Percent of People with Each Score
Percentile by Number Answered
Your Score History
You have not taken this quiz since the last reset